00349nam a2200121Ia 4500008004100000245004800041260002800089260000900117300000800126650002600134650001200160856005500172170516s9999 xx 000 0 und d aJournal of Radiobiology: A need of the hour bJournal of Radiobiology c2014 a1:1 xRadiologic Technology xRadtech uhttp://nikanrescorp.com/index.php/JRB/issue/view/4